|
|
|
|
| LEADER |
00000nab a2200000 a 4500 |
| 001 |
vtls000674208 |
| 003 |
SK-MaSNL |
| 005 |
20260304094601.0 |
| 008 |
250425c1998 xo 0 slo |
| 015 |
|
|
|a SNBRB1998/09-23733
|
| 035 |
|
|
|a CLN000026384
|
| 035 |
|
|
|a (urnnbn)urn:nbn:sk:snk:ar-005lf9
|
| 035 |
|
|
|a (uuid)24f44e4d-4257-414c-bf75-aa192215a7b3
|
| 035 |
|
|
|a urn:nbn:sk:snk-ab813c
|
| 040 |
|
|
|a SNKBUCL
|b slo
|c SNKBUCL
|e AACR2
|
| 041 |
0 |
|
|a slo
|
| 044 |
|
|
|a xo
|c SK
|
| 080 |
|
|
|a 550.8-051
|2 1997
|
| 080 |
|
|
|a 929 Hrašna, Miroslav
|2 1997
|
| 100 |
1 |
|
|a Ondrášik, R.
|4 aut
|9 782695
|
| 245 |
1 |
0 |
|a Významné životné jubileum doc. RNDr. Miroslava Hrašnu, CSc.
|c R. Ondrášik
|
| 300 |
|
|
|b Fotogr.
|
| 504 |
|
|
|a Bibliogr. odkazy
|
| 600 |
1 |
7 |
|a Hrašna, Miroslav,
|d 1938-
|2 snkbucl
|9 39764
|
| 655 |
|
7 |
|a články z novín a časopisov
|2 snkbucl
|9 267496
|
| 773 |
0 |
|
|t Mineralia slovaca
|g Roč. 30, č. 4 (1998)
|g Č. 4 (1998), s. 14-16
|x 0369-2086
|x 0369-2086
|
| 773 |
0 |
|
|t [Príl.] Geovestník
|g Roč. 30, č. 4 (1998)
|g Č. 4 (1998), s. 14-16
|x 0369-2086
|x 0369-2086
|
| 850 |
|
|
|a Slovenská národná knižnica
|
| 852 |
|
|
|a Slovenská národná knižnica
|
| 954 |
|
|
|a odborná, vedecká literatúra pôvodná (slovenská)
|2 lita
|
| 958 |
|
|
|a article9
|
| 958 |
|
|
|a OND
|
| 958 |
|
|
|a SK
|
| 958 |
|
|
|a BX
|
| 958 |
|
|
|a NB
|
| 958 |
|
|
|a EUIPO
|
| 992 |
|
|
|a RBX
|
| 999 |
|
|
|c 2827913
|d 2829843
|